|
|
|
|
| LEADER |
01709nam a2200457 a 4500 |
| 001 |
nkc20071759735 |
| 003 |
CZ PrNK |
| 005 |
20081205155730.0 |
| 007 |
ta |
| 008 |
071030s2007 xr e p 000 0 ger |
| 015 |
|
|
|a cnb001759735
|
| 020 |
|
|
|a 978-80-244-2166-7
|q (v knize neuvedeno ;
|q brož.)
|z 978-80-244-1734-9
|
| 035 |
|
|
|a (OCoLC)190753936
|
| 040 |
|
|
|a ABA001
|b cze
|
| 072 |
|
7 |
|a 811.112.2
|x Němčina
|2 Konspekt
|9 11
|
| 072 |
|
7 |
|a 37.016
|x Učební osnovy. Vyučovací předměty. Učebnice
|2 Konspekt
|9 22
|
| 080 |
|
|
|a 811.112.2
|2 MRF
|
| 080 |
|
|
|a 81'373
|2 MRF
|
| 080 |
|
|
|a (075.8)
|2 MRF
|
| 100 |
1 |
|
|a Vomáčková, Olga
|7 ola2006329773
|4 aut
|
| 245 |
1 |
0 |
|a Deutsche Lexikologie :
|b Grundkurs /
|c Olga Vomáčková
|
| 250 |
|
|
|a 1. vyd.
|
| 260 |
|
|
|a Olomouc :
|b Univerzita Palackého v Olomouci,
|c 2007
|
| 300 |
|
|
|a 64 s. ;
|c 29 cm
|
| 490 |
1 |
|
|a Skripta
|
| 500 |
|
|
|a Nad názvem: Univerzita Palackého v Olomouci, Pedagogická fakulta
|
| 504 |
|
|
|a Obsahuje bibliografii
|
| 650 |
0 |
7 |
|a němčina
|7 ph115512
|2 czenas
|
| 650 |
0 |
7 |
|a lexikologie
|7 ph122286
|2 czenas
|
| 650 |
0 |
9 |
|a German language
|2 eczenas
|
| 650 |
0 |
9 |
|a lexicology
|2 eczenas
|
| 655 |
|
7 |
|a učebnice vysokých škol
|7 fd133772
|2 czenas
|
| 655 |
|
9 |
|a textbooks (higher)
|2 eczenas
|
| 710 |
2 |
|
|a Univerzita Palackého.
|b Pedagogická fakulta
|7 kn20010709375
|
| 810 |
2 |
|
|a Univerzita Palackého.
|t Skripta
|0 s
|
| 856 |
4 |
1 |
|u http://www.digitalniknihovna.cz/mzk/uuid/uuid:45df1400-5211-11e9-8854-005056827e51
|y Digitalizovaný dokument
|x NDK
|
| 910 |
2 |
|
|a BOA001
|b 3-1193.968
|
| 990 |
|
|
|a BK
|
| 995 |
|
|
|a 01
|
| 991 |
|
|
|b 200711
|c NOV
|
| 996 |
6 |
|
|b 2610324139
|c 3-1193.968
|l MZK
|r Sklad / do 1 hodiny
|n 7
|p p.v.
|w 000873949
|u 000010
|a 1
|e BOA001
|j MZK50
|s P
|